000 02773 a2200397 4500
020 _a0750642572
020 _a9780750642576
082 0 4 _a658
090 _c489
_d489
100 1 _aBrown, Steve.
245 1 0 _aStrategic operations management /
_cSteve Brown.
260 _a[S.l.] :
_bButterworth-Heinemann,
_c2000.
300 _a296 p. ;
_c25 cm.
500 _aPaperback.
520 _a'Strategic Operations Management' examines the latest thinking in this fast-moving area. Businesses constantly face ongoing and increased amounts of competition. Coping with this competition demands that strategies must be already in place which can deal with key questions such as: * what business is the firm really in? * what does the firm do best, and why, where, and how can it outsource some of its activities? * how can opportunities become quickly exploited and how can the firm's capabilities help to ward off external threats from new and existing players? This text believes that successful operations management depends on having strategies in place which combine both manufacturing and service areas into an overall customer offering. This means that strategic relations must be established with other players - operations management is no longer a firm-specific matter. 'Strategic Operations Management' combines four themes; strategy, services, innovation and management of relationships both in the supply chain and with other players. This is done by dividing chapters into a past/present/future scenario approach which illustrates how these strategies affect business. Strong team of writers of international standing Content is thought provoking and challenging - excellent in terms of stimulating debates New issues explored as well as old - contrasting mass production versus mass customisation and innovation.
650 4 _aBusiness/Economics.
650 4 _aManagement & Business: General.
650 4 _aBusiness strategy.
650 4 _aManagement of specific areas.
650 4 _aProduction & quality control management.
650 4 _aBusiness / Economics / Finance.
650 4 _aBusiness & Economics.
650 4 _aBusiness & Economics / Management.
650 4 _aBusiness & Economics / Production & Operations Management.
650 4 _aEntrepreneurship.
650 4 _aManagement - General.
650 4 _aProduction & Operations Management.
650 4 _aProduction management.
650 4 _aStrategic planning.
700 1 _aLamming, Richard.
700 1 _aBessant, John.
700 1 _aJones, Peter.
856 4 0 _3Amazon.com
_uhttp://www.amazon.com/exec/obidos/ASIN/0750642572/chopaconline-20
856 4 0 _3Amazon customer reviews
_uhttp://www.chopac.org/cgi-bin/tools/azrev.pl?q=0750642572
942 _aNBS
_cBK
_k658.5 BRO
999 _c343048
_d343048